000 00513nam a2200193Ia 4500
005 20250210050224.0
008 240331s9999 xx 000 0 und d
020 _a0631224033
082 _bEAG
_25666
_a305.4
245 2 _aA Concise Companion to
_bFeminist Theory
260 _aMalden;
_aOxford;
_aVictoria;
_aBerlin
_bBlackwell Publishing
_c2003
300 _axi, 274 p.,
650 _aFeminism
650 _aWomen
650 _aSexuality
650 _aPhilosophies
700 _aEagleton, M
_eedt
942 _cL
999 _c1351
_d1351